000 00574nam a2200193 a 4500
001 6870
005 20180713190740.0
008 140415s1975 mx 000 0 spa d
041 _aspa
082 _a307.76
_bKEL
100 1 _aKELLER, SUSANNE
245 1 3 _aEL VECINDARIO URBANO :
_bUNA PERSPECTIVA SOCIOLOGICA
250 _a1a ed.
260 _aMEXICO :
_bSIGLO VEINTIUNO EDITORES,
_c1975
300 _a255
_c10.5 x 1 x 18
650 1 4 _aSOCIOLOGIA URBANA
700 1 _aDOXIADIS, C. A.
_eprĂ³l.
700 1 _aRUIZ DE ELVIRA ZUBIZARRETA, LAGDALENA
_ecoaut.
999 _c6870
_d6870